000 00292nam a2200133Ia 4500
003 OSt
005 20240404100621.0
020 _a81-7154-859-8
040 _cLCC
050 _aZ 696 .M35 2003
100 _aMALSHE,MILIND
245 0 _aAESTHETICS OF LITERARY CLASSIFICATION
942 _cBK
_2ddc
999 _c206806
_d206806